00000000nas##2200000za#4500
0019.514219
003CaOODSP
00520231123084320
007ta
008150406c1991||||xxc|| p #||||f|   |0eng|d
022 |a0823-3330
040 |aCaOODSP|beng
043 |an-cn---
0861 |aE12-9E
1101 |aCanada. |bForeign Affairs and International Trade Canada.
24510|aCanadExport
260 |aOttawa - Ontario : |bForeign Affairs and International Trade
310 |aTwice a month
3621 |a[Vol. 1, No. 1 (Sept. 1983)] -- Vol. 25, No. 2, February 5, 2007
500 |aIncludes quarterly supplement: "Canadian trade review: a quarterly review of Canada's trade performance".
5203 |aThis biweekly newsletter covers events and analysis of interest to Canadian exporters. It features success stories about Canadian entrepreneurs and export sectors, information about resources and opportunities, and periodic special interest supplements.
563 |aSoftcover
69007|aExports|2gcpds
69007|aInternational markets|2gcpds
69007|aInternational trade|2gcpds
77508|tCanadExport |w(CaOODSP)9.512647
7760#|tCanadExport |w(CaOODSP)9.504717